Địa lí tự nhiên đại cương Sách dùng cho các trường Đại học Sư Phạm và Cao Đẳng Sư Phạm Tâp 2

Cung cấp những kiến thức về địa lí như khí quyển, thuỷ quyển cũng như phương pháp giảng dạy môn học cho giáo viên trung học cơ sở theo tinh thần đổi mới

Sparad:
Bibliografiska uppgifter
Huvudupphovsman: Subaev.L.P
Övriga upphovsmän: Đào Trọng Năng (dịch), Trịnh Nghĩa Uông (dịch), Nguyễn Việt Hưng (biên tập)
Materialtyp: Bok
Språk:Vietnamese
Publicerad: H. Giaó dục 1981
Ämnen:
Taggar: Lägg till en tagg
Inga taggar, Lägg till första taggen!
Thư viện lưu trữ: Mạng thư viện Đại học Đà Nẵng
LEADER 01587nam a2200385 4500
001 000008731
003 4923
005 20111024081033.0
008 111019s1981 viesd
041 0 |a vie 
082 |a 910  |b SU-L 
100 1 |a Subaev.L.P 
245 1 0 |a Địa lí tự nhiên đại cương  |b Sách dùng cho các trường Đại học Sư Phạm và Cao Đẳng Sư Phạm  |c Subaev.L.P;người dịch: Đào Trọng Năng...;biên tập: Nguyễn Việt Hưng  |n Tâp 2 
260 |a H.  |b Giaó dục  |c 1981 
300 |a 178 tr  |b ảnh,hình vẽ  |c 21 cm 
520 |a Cung cấp những kiến thức về địa lí như khí quyển, thuỷ quyển cũng như phương pháp giảng dạy môn học cho giáo viên trung học cơ sở theo tinh thần đổi mới 
653 |a Khí quyển 
653 |a Thuỷ quyển 
653 |a Giáo trình 
653 |a Địa lí 
700 |a Đào Trọng Năng  |e dịch 
700 |a Trịnh Nghĩa Uông  |e dịch 
700 |a Nguyễn Việt Hưng  |e biên tập 
773 |t Địa lí tự nhiên đại cương  |w 4918 
910 |a quỳnh  |d 19/10/2011 
OWN |a LSP 
AVA |a UDN50  |b LSP  |d 910 SU-L  |e available  |t Error 5001 Not defined in file expand_doc_bib_avail.  |f 2  |g 1  |h N  |i 0  |k 1 
999 |a From the UDN01 
AVA |a UDN50  |b LSP  |d 910 SU-L  |e available  |t Error 5001 Not defined in file expand_doc_bib_avail.  |f 2  |g 1  |h N  |i 0  |k 1 
TYP |a Monograph 
TYP |a Printed language 
980 |a Mạng thư viện Đại học Đà Nẵng